[Event "British Columbia-ch Seniors"]
[Site "Surrey CAN"]
[Date "2019.06.29"]
[Round "2.4"]
[White "Monkhouse, Neale"]
[Black "Oszvald, Joe"]
[Result "0-1"]
[WhiteElo "1704"]
[BlackElo "2014"]
[PlyCount "80"]
[EventDate "2019.06.29"]
[EventType "swiss"]
[EventRounds "6"]
[EventCountry "CAN"]

1. e4 c5 2. Nc3 g6 3. g3 Bg7 4. Bg2 Nc6 5. d3 e6 6. Nge2 Nge7 7. O-O O-O 8. Be3
b6 9. Qd2 d5 10. exd5 exd5 11. Bh6 d4 12. Bxg7 Kxg7 13. Ne4 f5 14. Ng5 h6 15.
Nf3 Bb7 16. Nf4 Qd7 17. Rfe1 Rf6 18. h4 Rg8 19. Re2 Kh7 20. Rae1 g5 21. hxg5
hxg5 22. Ne6 g4 23. Nh4 Nd5 24. Ng5+ Kh8 25. Re6 Rxe6 26. Rxe6 Nce7 27. Rh6+
Kg7 28. Rh7+ Kf8 29. Nxf5 Qxf5 30. Rf7+ Qxf7 31. Nxf7 Kxf7 32. Qh6 Rg6 33. Qh5
Nf6 34. Qe5 Bxg2 35. Kxg2 Nfd5 36. a3 a5 37. Qh5 Ke6 38. Qh1 Kd6 39. Qh8 Re6
40. Qb8+ Kd7 0-1

[Event "British Columbia-ch Seniors"]
[Site "Surrey CAN"]
[Date "2019.06.29"]
[Round "2.5"]
[White "Johnston, Chris"]
[Black "Haines, Duncan"]
[Result "0-1"]
[WhiteElo "1648"]
[BlackElo "1888"]
[PlyCount "68"]
[EventDate "2019.06.29"]
[EventType "swiss"]
[EventRounds "6"]
[EventCountry "CAN"]

1. e4 c6 2. f4 d5 3. e5 Bf5 4. Nf3 e6 5. h3 h5 6. d3 Be7 7. Be3 Bh4+ 8. Bf2
Bxf2+ 9. Kxf2 Qb6+ 10. Ke1 Qxb2 11. Nbd2 Qb6 12. g3 Nd7 13. Be2 Ne7 14. c3 Nc5
15. Nf1 Qb5 16. c4 dxc4 17. dxc4 Qa5+ 18. Kf2 Rd8 19. Qe1 Qb6 20. Kg2 Bd3 21.
Bxd3 Rxd3 22. N1d2 Nf5 23. Rb1 Qa6 24. Rb2 Ne3+ 25. Kh2 Nxc4 26. Nxc4 Qxc4 27.
Rf1 O-O 28. Nd2 Qd4 29. Rf2 Rd8 30. Re2 b6 31. Rc2 Ra3 32. Nc4 Rd3 33. Nd6 Rd1
34. Rcd2 Rxe1 0-1

[Event "British Columbia-ch Seniors"]
[Site "Surrey CAN"]
[Date "2019.06.30"]
[Round "3.1"]
[White "Oszvald, Joe"]
[Black "McLaren, Brian"]
[Result "0-1"]
[WhiteElo "2014"]
[BlackElo "2201"]
[PlyCount "52"]
[EventDate "2019.06.29"]
[EventType "swiss"]
[EventRounds "6"]
[EventCountry "CAN"]

1. e4 Nf6 2. d3 e5 3. Nd2 d5 4. c3 Nc6 5. Qc2 Be7 6. Ngf3 Bg4 7. Be2 Qd7 8. h3
Bh5 9. Nf1 h6 10. g4 Bg6 11. Ng3 O-O-O 12. b4 Bd6 13. a4 Rde8 14. g5 hxg5 15.
Nxg5 Kb8 16. Bf3 dxe4 17. dxe4 Nd8 18. Be3 Ne6 19. Rd1 Nxg5 20. Bxg5 Rxh3 21.
Rg1 Nh5 22. Bg2 Nf4 23. Nf1 Nxg2+ 24. Rxg2 Qc6 25. Ng3 Bxb4 26. Bd2 Bc5 0-1

[Event "British Columbia-ch Seniors"]
[Site "Surrey CAN"]
[Date "2019.06.30"]
[Round "3.2"]
[White "Haines, Duncan"]
[Black "Patterson, Roger"]
[Result "1/2-1/2"]
[WhiteElo "1888"]
[BlackElo "2069"]
[PlyCount "48"]
[EventDate "2019.06.29"]
[EventType "swiss"]
[EventRounds "6"]
[EventCountry "CAN"]

1. d4 d5 2. Nf3 e6 3. c4 c5 4. cxd5 exd5 5. g3 Nc6 6. Bg2 Nf6 7. O-O Be7 8. Nc3
O-O 9. Bg5 cxd4 10. Nxd4 h6 11. Be3 Re8 12. Rc1 Bf8 13. Nxc6 bxc6 14. Na4 Bd7
15. Bc5 Bxc5 16. Nxc5 Bg4 17. Re1 Rb8 18. Qc2 Qa5 19. a3 Qb5 20. Nd3 Bf5 21. b4
a5 22. a4 Bxd3 23. axb5 Bxc2 24. Rxc2 Rxb5 1/2-1/2

[Event "British Columbia-ch Seniors"]
[Site "Surrey CAN"]
[Date "2019.06.30"]
[Round "3.3"]
[White "Mohammed Qanee, Arpak Worya"]
[Black "Ganjian, Enayat"]
[Result "1-0"]
[WhiteElo "2170"]
[BlackElo "1707"]
[PlyCount "143"]
[EventDate "2019.06.29"]
[EventType "swiss"]
[EventRounds "6"]
[EventCountry "CAN"]

1. e4 e6 2. d4 b6 3. Nf3 Bb7 4. Bd3 c5 5. c3 Nf6 6. e5 Nd5 7. a3 cxd4 8. c4 Ne7
9. Nxd4 Ng6 10. Nf3 Nc6 11. Bxg6 hxg6 12. Nc3 Rh5 13. Qe2 d6 14. exd6 Bxd6 15.
Ne4 Be7 16. Ng3 Rh7 17. Bf4 Nd4 18. Nxd4 Qxd4 19. Be5 Qc5 20. O-O f6 21. Bc3
Kf7 22. Bb4 Qc6 23. f3 Bc5+ 24. Bxc5 Qxc5+ 25. Rf2 Rah8 26. Re1 Qd6 27. h3 f5
28. Qe5 Rd8 29. Rfe2 Bc8 30. Rc2 Rh4 31. c5 bxc5 32. Qxd6 Rxd6 33. Rxc5 Bd7 34.
Nf1 Rhd4 35. Ne3 Kf6 36. Kf2 a6 37. Nc4 R6d5 38. Rc7 Bb5 39. Nb6 Rd2+ 40. Kg3
R5d4 41. b3 g5 42. a4 f4+ 43. Kh2 Be2 44. Kg1 Bd1 45. Nc4 Ra2 46. Rc6 Be2 47.
Nd6 Ke7 48. Ne4 Rd1 49. Rxd1 Bxd1 50. Nc5 Ra1 51. Kf2 Rc1 52. Rxe6+ Kf7 53. Re5
a5 54. Rxg5 Rb1 55. Rf5+ Ke7 56. Rxf4 Rb2+ 57. Kg1 g6 58. Re4+ Kf7 59. Rd4 Bc2
60. Kh2 Bf5 61. h4 Kf6 62. Nb7 Ke5 63. Rc4 Rxb3 64. Nxa5 Ra3 65. Rb4 Kd5 66.
Nb7 Bc2 67. a5 Kc6 68. Rc4+ Kxb7 69. Rxc2 Rxa5 70. g4 Rd5 71. Kg3 Rd4 72. h5
1-0

[Event "British Columbia-ch Seniors"]
[Site "Surrey CAN"]
[Date "2019.06.30"]
[Round "3.4"]
[White "Kim, George"]
[Black "Landingin, Jofrel"]
[Result "1-0"]
[WhiteElo "1700"]
[BlackElo "1776"]
[PlyCount "69"]
[EventDate "2019.06.29"]
[EventType "swiss"]
[EventRounds "6"]
[EventCountry "CAN"]

1. d4 g6 2. c4 Bg7 3. Nc3 c5 4. Nf3 b6 5. Bf4 Nc6 6. d5 Na5 7. e4 d6 8. Be2 Ba6
9. e5 Nh6 10. h3 Nf5 11. g4 Nh6 12. Qd2 Ng8 13. b3 h5 14. g5 Bc8 15. Rd1 Nb7
16. Qe3 Bf5 17. Nh4 Qd7 18. Bf3 O-O-O 19. Bg2 Kb8 20. O-O a6 21. Rfe1 e6 22.
Nxf5 exf5 23. Na4 Ka7 24. e6 Qc7 25. h4 Re8 26. b4 Nd8 27. bxc5 bxc5 28. Qg3
Nb7 29. Rb1 Bd4 30. Rb6 Rh7 31. Reb1 Na5 32. Rxd6 Qc8 33. Rd7+ Ka8 34. d6+ Nc6
35. Nb6+ 1-0

[Event "British Columbia-ch Seniors"]
[Site "Surrey CAN"]
[Date "2019.06.30"]
[Round "3.5"]
[White "Escandor, Manuel Omana"]
[Black "Angelvette, Duane"]
[Result "1-0"]
[WhiteElo "1805"]
[BlackElo "1568"]
[PlyCount "55"]
[EventDate "2019.06.29"]
[EventType "swiss"]
[EventRounds "6"]
[EventCountry "CAN"]

1. e4 e5 2. b3 Nf6 3. Nc3 c6 4. Nf3 d6 5. Bb2 h6 6. Be2 Be6 7. O-O Nbd7 8. a4
Qc7 9. d4 exd4 10. Nxd4 Nc5 11. Nxe6 Nxe6 12. b4 d5 13. exd5 Rd8 14. b5 cxd5
15. Bf3 d4 16. Ne4 Nxe4 17. Bxe4 Bd6 18. h3 O-O 19. Qg4 Be5 20. Rfe1 g6 21.
Bxg6 fxg6 22. Qxe6+ Rf7 23. Rxe5 Qxc2 24. Re2 Qc7 25. Qxg6+ Rg7 26. Qe6+ Rf7
27. Re4 Qc2 28. Rg4+ 1-0

[Event "British Columbia-ch Seniors"]
[Site "Surrey CAN"]
[Date "2019.06.30"]
[Round "4.1"]
[White "McLaren, Brian"]
[Black "Mohammed Qanee, Arpak Worya"]
[Result "0-1"]
[WhiteElo "2201"]
[BlackElo "2170"]
[PlyCount "118"]
[EventDate "2019.06.29"]
[EventType "swiss"]
[EventRounds "6"]
[EventCountry "CAN"]

1. e4 c5 2. Nc3 Nc6 3. g3 g6 4. Bg2 Bg7 5. d3 e6 6. Be3 d6 7. Qd2 Qa5 8. Nh3
Bd7 9. O-O Nge7 10. Bh6 O-O 11. a3 Nd4 12. Bxg7 Kxg7 13. f4 Rac8 14. Rae1 Qb6
15. Rb1 c4 16. Kh1 Rc7 17. Nf2 Rfc8 18. Ng4 f5 19. Ne3 cxd3 20. cxd3 Nb3 21.
Qf2 Qd4 22. Rbd1 b5 23. g4 fxg4 24. Qh4 Ng8 25. Nxg4 h5 26. Nf2 a5 27. f5 exf5
28. Qg3 Qe5 29. exf5 Qxg3 30. hxg3 gxf5 31. Nh3 Nf6 32. Nf4 Nd4 33. Rde1 Re8
34. Ncd5 Rc2 35. b4 axb4 36. axb4 Rxe1 37. Rxe1 Nxd5 38. Bxd5 Bc6 39. Bxc6 Nxc6
40. Re6 Nxb4 41. Rxd6 Rd2 42. Nxh5+ Kh7 43. Rf6 Nxd3 44. Rxf5 b4 45. Rb5 Rb2
46. Kg1 b3 47. Nf6+ Kg7 48. Ne4 Rb1+ 49. Kg2 b2 50. Nf2 Nxf2 51. Rb7+ Kf6 52.
Rb6+ Ke5 53. Rb5+ Kd4 54. Kxf2 Rh1 55. Rxb2 Rh2+ 56. Kf3 Rxb2 57. Kf4 Rf2+ 58.
Kg5 Ke5 59. g4 Rg2 0-1

[Event "British Columbia-ch Seniors"]
[Site "Surrey CAN"]
[Date "2019.06.30"]
[Round "4.2"]
[White "Patterson, Roger"]
[Black "Kim, George"]
[Result "1-0"]
[WhiteElo "2069"]
[BlackElo "1700"]
[PlyCount "47"]
[EventDate "2019.06.29"]
[EventType "swiss"]
[EventRounds "6"]
[EventCountry "CAN"]

1. c4 e5 2. Nc3 d6 3. g3 Nc6 4. Bg2 Nf6 5. e3 Be7 6. Nge2 O-O 7. O-O Bf5 8. d4
exd4 9. Nxd4 Nxd4 10. Qxd4 c6 11. e4 Bg6 12. Bf4 Nh5 13. Be3 Bf6 14. Qd2 Qe7
15. Rfe1 c5 16. Nd5 Qd7 17. f4 Rfe8 18. f5 Bxf5 19. Nxf6+ Nxf6 20. exf5 Qxf5
21. Bxb7 Rad8 22. Bg5 h6 23. Bxf6 Qxf6 24. Bd5 1-0

[Event "British Columbia-ch Seniors"]
[Site "Surrey CAN"]
[Date "2019.06.30"]
[Round "4.3"]
[White "Oszvald, Joe"]
[Black "Haines, Duncan"]
[Result "1-0"]
[WhiteElo "2014"]
[BlackElo "1888"]
[PlyCount "61"]
[EventDate "2019.06.29"]
[EventType "swiss"]
[EventRounds "6"]
[EventCountry "CAN"]

1. e4 c6 2. d3 d5 3. Nd2 e5 4. c3 Nf6 5. Qc2 Bd6 6. h3 O-O 7. Ngf3 Nbd7 8. Be2
b6 9. Nf1 Bb7 10. g4 dxe4 11. dxe4 Nc5 12. Ng3 Ne6 13. Be3 Qc7 14. g5 Ne8 15.
O-O-O Bc5 16. Bxc5 Nxc5 17. h4 Bc8 18. h5 Bg4 19. Nf5 Bxf3 20. Bxf3 Rd8 21.
Rdg1 Nd3+ 22. Kb1 Nf4 23. Qb3 Kh8 24. g6 h6 25. Qa3 Ne6 26. Bd1 Nd6 27. Bb3
Nxf5 28. exf5 Ng5 29. Rxg5 hxg5 30. h6 gxh6 31. f6 1-0

[Event "British Columbia-ch Seniors"]
[Site "Surrey CAN"]
[Date "2019.06.30"]
[Round "4.4"]
[White "Leblanc, Paul"]
[Black "Escandor, Manuel Omana"]
[Result "1-0"]
[WhiteElo "1648"]
[BlackElo "1805"]
[PlyCount "63"]
[EventDate "2019.06.29"]
[EventType "swiss"]
[EventRounds "6"]
[EventCountry "CAN"]

1. d4 e6 2. Nf3 d5 3. c4 Nf6 4. Nc3 Bb4 5. a3 Bxc3+ 6. bxc3 Ne4 7. Qc2 Qf6 8.
e3 h6 9. Bd3 Nd6 10. c5 Nf5 11. O-O a6 12. Re1 Nh4 13. Nxh4 Qxh4 14. e4 O-O 15.
Re3 b6 16. cxb6 cxb6 17. Rh3 Qe7 18. a4 Qc7 19. Rg3 Kh8 20. Bxh6 Rg8 21. Bf4
Qxf4 22. Rh3+ Qh6 23. Rxh6+ gxh6 24. Qd2 Kg7 25. Re1 Nd7 26. Re3 Rh8 27. Rg3+
Kf8 28. Qf4 Ra7 29. exd5 Ke8 30. dxe6 Nf8 31. exf7+ Rxf7 32. Qe5+ 1-0

[Event "British Columbia-ch Seniors"]
[Site "Surrey CAN"]
[Date "2019.06.30"]
[Round "4.5"]
[White "Cronin, Kent"]
[Black "Lee, Mau Seng"]
[Result "0-1"]
[WhiteElo "1628"]
[BlackElo "1752"]
[PlyCount "128"]
[EventDate "2019.06.29"]
[EventType "swiss"]
[EventRounds "6"]
[EventCountry "CAN"]

1. e4 Nc6 2. d4 d6 3. Bc4 Nf6 4. Nc3 e5 5. dxe5 Nxe5 6. Bb3 Be7 7. f4 Ng6 8.
Nf3 O-O 9. Qd3 Nh5 10. Ne2 a5 11. a3 b5 12. Qxb5 Nf6 13. Qd3 Bb7 14. Nc3 Nh5
15. Qb5 Nhxf4 16. Bxf4 Nxf4 17. O-O-O Ba6 18. Qf5 Ne2+ 19. Nxe2 Bxe2 20. Rde1
g6 21. Qg4 Bb5 22. h4 Bd7 23. Qg3 Rb8 24. h5 Kg7 25. hxg6 fxg6 26. Qh2 h5 27.
Qg3 Bg4 28. Bc4 Bg5+ 29. Nxg5 Qxg5+ 30. Qe3 Qe5 31. c3 Qf4 32. Qxf4 Rxf4 33.
Rhf1 Rbf8 34. Rxf4 Rxf4 35. g3 Rf3 36. Rg1 Rf2 37. b4 axb4 38. cxb4 Kf6 39. Rf1
Rxf1+ 40. Bxf1 Bf3 41. Bd3 d5 42. exd5 Bxd5 43. Kd2 g5 44. Ke3 h4 45. gxh4 gxh4
46. Bf1 Ke5 47. a4 Kd6 48. Kf4 Bb3 49. a5 Bd5 50. Kg4 c5 51. b5 c4 52. Kxh4 c3
53. Bd3 Bc4 54. Bc2 Bxb5 55. Kg3 Kc5 56. Kf2 Kb4 57. Ke3 Kxa5 58. Kd4 Kb4 59.
Bg6 Kb3 60. Bh7 Kb2 61. Bg6 Ba4 62. Bh7 Bc2 63. Bg8 Bg6 64. Bb3 Kxb3 0-1

[Event "British Columbia-ch Seniors"]
[Site "Surrey CAN"]
[Date "2019.07.01"]
[Round "5.1"]
[White "Mohammed Qanee, Arpak Worya"]
[Black "Patterson, Roger"]
[Result "1-0"]
[WhiteElo "2170"]
[BlackElo "2069"]
[PlyCount "113"]
[EventDate "2019.06.29"]
[EventType "swiss"]
[EventRounds "6"]
[EventCountry "CAN"]

1. e4 c5 2. Nf3 d6 3. d4 cxd4 4. Nxd4 Nf6 5. Nc3 e6 6. Be2 Be7 7. O-O O-O 8.
Be3 a6 9. a4 Nc6 10. f4 Qc7 11. Nb3 b6 12. Bf3 Bb7 13. Qe2 Rfe8 14. Rad1 Nd7
15. Rd2 Nc5 16. Nd4 Bf6 17. Qc4 Rac8 18. Rfd1 Red8 19. b4 Nxa4 20. Nxe6 fxe6
21. Qxe6+ Qf7 22. Qxf7+ Kxf7 23. Nxa4 Nxb4 24. Bxb6 Re8 25. c3 Bc6 26. cxb4
Bxa4 27. Rb1 Ke7 28. Bd4 Rc4 29. Bxf6+ gxf6 30. Rbb2 Rb8 31. Rd5 Bc6 32. Rh5
Bxe4 33. Re2 Rbxb4 34. Rxh7+ Ke6 35. Ra7 Ra4 36. Bxe4 Rxe4 37. Rxa6 Rxe2 38.
Rxa4 d5 39. Rd4 Kd6 40. h4 Kc5 41. Ra4 d4 42. Ra8 d3 43. Rd8 d2 44. Kh2 Kc4 45.
h5 Kc3 46. h6 Re7 47. g4 Kc2 48. g5 fxg5 49. fxg5 d1=Q 50. Rxd1 Kxd1 51. g6 Re6
52. h7 Rxg6 53. h8=Q Rd6 54. Qa1+ Kd2 55. Qa5+ Kd1 56. Qa4+ Ke2 57. Qg4+ 1-0

[Event "British Columbia-ch Seniors"]
[Site "Surrey CAN"]
[Date "2019.07.01"]
[Round "5.2"]
[White "Lee, Mau Seng"]
[Black "McLaren, Brian"]
[Result "0-1"]
[WhiteElo "1752"]
[BlackElo "2201"]
[PlyCount "94"]
[EventDate "2019.06.29"]
[EventType "swiss"]
[EventRounds "6"]
[EventCountry "CAN"]

1. c3 e5 2. Qc2 d5 3. d4 Nc6 4. e4 exd4 5. Nf3 dxc3 6. Nxc3 dxe4 7. Qxe4+ Qe7
8. Bc4 Nf6 9. Qxe7+ Bxe7 10. O-O Na5 11. Bd3 O-O 12. Bf4 c5 13. Rfe1 Re8 14.
Nb5 Nd5 15. Bg5 Bd7 16. Bxe7 Rxe7 17. Rxe7 Nxe7 18. Nd6 Rd8 19. Be4 Bc6 20.
Bxc6 Nexc6 21. Ne4 b6 22. Kf1 h6 23. Nc3 Kf8 24. Rd1 Rxd1+ 25. Nxd1 Nc4 26. Ke2
Ke7 27. Kd3 N6e5+ 28. Nxe5 Nxe5+ 29. Ke2 Ke6 30. Ne3 g5 31. h3 f5 32. b3 b5 33.
Kd2 f4 34. Ng4 Nxg4 35. hxg4 Kd5 36. Kd3 c4+ 37. bxc4+ bxc4+ 38. Kc3 Kc5 39. a3
a6 40. f3 a5 41. a4 Kd5 42. Kc2 Kd4 43. Kd2 c3+ 44. Kc2 Kc4 45. Kc1 Kd3 46. Kd1
c2+ 47. Kc1 Kc3 0-1

[Event "British Columbia-ch Seniors"]
[Site "Surrey CAN"]
[Date "2019.07.01"]
[Round "5.3"]
[White "Landingin, Jofrel"]
[Black "Oszvald, Joe"]
[Result "0-1"]
[WhiteElo "1776"]
[BlackElo "2014"]
[PlyCount "78"]
[EventDate "2019.06.29"]
[EventType "swiss"]
[EventRounds "6"]
[EventCountry "CAN"]

1. e4 d6 2. d4 Nd7 3. c4 c6 4. Nc3 e5 5. Nf3 Qc7 6. Be2 Be7 7. O-O h6 8. Be3 g5
9. h3 Ngf6 10. Nh2 Nf8 11. d5 Ng6 12. Ng4 Nf4 13. Nxf6+ Bxf6 14. Bg4 h5 15.
Bxc8 Rxc8 16. Rc1 c5 17. Nb5 Qd7 18. Nxa7 Ra8 19. Nb5 Rxa2 20. Rb1 g4 21. Kh2
gxh3 22. g3 Ng2 23. Qb3 Ra8 24. Ra1 Ke7 25. Bd2 h4 26. Ba5 hxg3+ 27. fxg3 Ra6
28. Bc7 Rxa1 29. Rxa1 Bg5 30. Bxd6+ Kf6 31. Bxe5+ Kg6 32. Bxh8 Ne3 33. Qc3 f6
34. e5 Qf5 35. Rg1 Qf2+ 36. Kxh3 Qxg1 37. Qd3+ f5 38. Qe2 Qh1+ 39. Qh2 Qf1+ 0-1

[Event "British Columbia-ch Seniors"]
[Site "Surrey CAN"]
[Date "2019.07.01"]
[Round "5.4"]
[White "Kim, George"]
[Black "Leblanc, Paul"]
[Result "0-1"]
[WhiteElo "1700"]
[BlackElo "1648"]
[PlyCount "46"]
[EventDate "2019.06.29"]
[EventType "swiss"]
[EventRounds "6"]
[EventCountry "CAN"]

1. d4 d5 2. c4 dxc4 3. e3 Nf6 4. Bxc4 c5 5. Nf3 e6 6. O-O cxd4 7. Nxd4 Be7 8.
b3 O-O 9. Bb2 a6 10. a4 Bd7 11. Nd2 Nc6 12. N2f3 Rc8 13. Qe2 Qa5 14. Rfd1 Rfd8
15. Rd3 Qh5 16. h3 Na5 17. Rc3 e5 18. Nc2 Ne4 19. Rd3 Nxc4 20. bxc4 Ng5 21. Rd5
Bc6 22. Rxd8+ Rxd8 23. Nce1 e4 0-1

[Event "British Columbia-ch Seniors"]
[Site "Surrey CAN"]
[Date "2019.07.01"]
[Round "5.5"]
[White "Angelvette, Duane"]
[Black "Haines, Duncan"]
[Result "0-1"]
[WhiteElo "1568"]
[BlackElo "1888"]
[PlyCount "59"]
[EventDate "2019.06.29"]
[EventType "swiss"]
[EventRounds "6"]
[EventCountry "CAN"]

1. e4 c6 2. d4 d5 3. exd5 cxd5 4. c4 Nf6 5. Nc3 g6 6. Bf4 Bg7 7. Nf3 O-O 8. Rc1
Nc6 9. h3 dxc4 10. Bxc4 Na5 11. Be2 b6 12. b4 Nc6 13. b5 Na5 14. O-O Bb7 15.
Qd2 Rc8 16. Ne5 Nd5 17. Nxd5 Qxd5 18. Bf3 Qxb5 19. Bg4 e6 20. h4 Be4 21. h5 Qd5
22. f3 Bf5 23. hxg6 fxg6 24. Qb4 Nc6 25. Nxc6 Rxc6 26. Rxc6 Qxc6 27. Rc1 Qd5
28. Be3 Bxg4 29. fxg4 Qe4 30. Bf2 0-1

[Event "British Columbia-ch Seniors"]
[Site "Surrey CAN"]
[Date "2019.07.01"]
[Round "6.1"]
[White "Oszvald, Joe"]
[Black "Mohammed Qanee, Arpak Worya"]
[Result "0-1"]
[WhiteElo "2014"]
[BlackElo "2170"]
[PlyCount "78"]
[EventDate "2019.06.29"]
[EventType "swiss"]
[EventRounds "6"]
[EventCountry "CAN"]

1. e4 e6 2. d3 d5 3. Nd2 Nc6 4. c3 Nf6 5. Qc2 e5 6. h3 Bc5 7. Be2 Be6 8. Ngf3
h6 9. Nf1 O-O 10. g4 dxe4 11. dxe4 Qd6 12. Ng3 Rad8 13. Nh4 Ne7 14. Nhf5 Bxf5
15. gxf5 Qb6 16. O-O a5 17. a3 Qa7 18. Rb1 Kh7 19. b4 Bb6 20. Bc4 axb4 21. axb4
Nc8 22. Kg2 Nd6 23. Be2 Nd7 24. Qb2 Ra8 25. f4 Qa2 26. fxe5 Nxe5 27. Bf4 Ndc4
28. Qc1 f6 29. Kh1 Rfd8 30. Bxe5 Nxe5 31. Rb2 Qa3 32. Qc2 Be3 33. Rd1 Rxd1+ 34.
Bxd1 Rd8 35. Rb3 Qa7 36. Nf1 Bf4 37. Bh5 Rd2 38. Qxd2 Bxd2 39. Nxd2 Qa2 0-1

[Event "British Columbia-ch Seniors"]
[Site "Surrey CAN"]
[Date "2019.07.01"]
[Round "6.2"]
[White "Haines, Duncan"]
[Black "McLaren, Brian"]
[Result "1-0"]
[WhiteElo "1888"]
[BlackElo "2201"]
[PlyCount "141"]
[EventDate "2019.06.29"]
[EventType "swiss"]
[EventRounds "6"]
[EventCountry "CAN"]

1. d4 f5 2. Nc3 d5 3. Bg5 c6 4. e3 Nd7 5. Bd3 Ndf6 6. Nf3 g6 7. O-O Bg7 8. Ne2
Ne4 9. Bf4 Ngf6 10. c4 e6 11. c5 h6 12. b4 g5 13. Be5 O-O 14. Ne1 g4 15. Nf4
Qe8 16. a4 Bd7 17. Qc2 Nh5 18. Bxg7 Kxg7 19. Be2 Ng5 20. Ned3 Rg8 21. h3 Nf6
22. hxg4 fxg4 23. Ne5 h5 24. Qg6+ Qxg6 25. Nfxg6 Be8 26. Nf4 Kh6 27. b5 Rc8 28.
Rfb1 Rg7 29. Rb2 Nfe4 30. Ra3 Re7 31. Rab3 cxb5 32. axb5 b6 33. c6 Nd6 34. Bd3
Rg7 35. Kf1 Ndf7 36. Nxf7+ Bxf7 37. Ke2 Rc7 38. Ra3 Bg8 39. Rb1 Bf7 40. Rh1 Be8
41. Raa1 Rce7 42. Rh4 Ne4 43. Bxe4 dxe4 44. g3 Rg5 45. Rb1 Bf7 46. Kd2 e5 47.
dxe5 Rgxe5 48. Ne2 Rf5 49. Rh2 Rc5 50. Nd4 Kg5 51. Rhh1 Kf6 52. Rhc1 Ke5 53.
Rxc5+ bxc5 54. Ne2 Kd6 55. Nc3 Bc4 56. Ra1 Bd3 57. Ra6 Rc7 58. Ra4 Ke5 59. Ra1
Rf7 60. Rxa7 Rxf2+ 61. Ke1 Rf1+ 62. Kd2 Rf2+ 63. Kc1 Rc2+ 64. Kd1 Kd6 65. c7
Kd7 66. Nd5 Rb2 67. Nb6+ Kd6 68. c8=Q Rb1+ 69. Kd2 Rb2+ 70. Kc3 Rc2+ 71. Kb3
1-0

[Event "British Columbia-ch Seniors"]
[Site "Surrey CAN"]
[Date "2019.07.01"]
[Round "6.3"]
[White "Campos, Eugenio Alonso"]
[Black "Leblanc, Paul"]
[Result "1/2-1/2"]
[WhiteElo "1880"]
[BlackElo "1648"]
[PlyCount "58"]
[EventDate "2019.06.29"]
[EventType "swiss"]
[EventRounds "6"]
[EventCountry "CAN"]

1. e4 c6 2. f4 d5 3. e5 c5 4. c3 Nc6 5. d4 cxd4 6. cxd4 Qb6 7. Nc3 e6 8. Nf3 h5
9. f5 Nge7 10. Na4 Qc7 11. fxe6 Bxe6 12. Bd3 Nf5 13. Bxf5 Bxf5 14. O-O O-O-O
15. a3 Kb8 16. b4 h4 17. Ng5 g6 18. Bf4 Be6 19. Rc1 Qd7 20. Nb2 Be7 21. Qd2 a6
22. Na4 Ka7 23. Nc3 b5 24. Be3 Bxg5 25. Bxg5 Rc8 26. Na2 Ne7 27. Nc3 Rc4 28.
Ne2 Nf5 29. Qf4 Rhc8 1/2-1/2

[Event "British Columbia-ch Seniors"]
[Site "Surrey CAN"]
[Date "2019.07.01"]
[Round "6.4"]
[White "Escandor, Manuel Omana"]
[Black "Cronin, Kent"]
[Result "0-1"]
[WhiteElo "1805"]
[BlackElo "1628"]
[PlyCount "70"]
[EventDate "2019.06.29"]
[EventType "swiss"]
[EventRounds "6"]
[EventCountry "CAN"]

1. e4 e5 2. Nf3 Nc6 3. Bb5 a6 4. Ba4 d6 5. d4 b5 6. Bb3 exd4 7. Nxd4 Ne5 8. Bd5
Rb8 9. Bf4 Ne7 10. Bxe5 dxe5 11. Nc6 Nxc6 12. Bxc6+ Bd7 13. Qd5 Bd6 14. O-O O-O
15. Nd2 Be6 16. Qd3 Qg5 17. Bd5 Bxd5 18. exd5 Rfd8 19. Ne4 Qg6 20. Rae1 Be7 21.
f4 f5 22. d6 cxd6 23. Qd5+ Kh8 24. Ng3 Bh4 25. Re3 Rf8 26. fxe5 Rbe8 27. Ne2
dxe5 28. Rxe5 Rxe5 29. Qxe5 Bf6 30. Qd6 Rd8 31. Qb4 Qe8 32. Nf4 Rd4 33. Qe1 Re4
34. Qd2 Bd4+ 35. Kh1 Be3 0-1

[Event "British Columbia-ch Seniors"]
[Site "Surrey CAN"]
[Date "2019.07.01"]
[Round "6.5"]
[White "Harris, Philip"]
[Black "Lee, Mau Seng"]
[Result "1/2-1/2"]
[WhiteElo "1633"]
[BlackElo "1752"]
[PlyCount "96"]
[EventDate "2019.06.29"]
[EventType "swiss"]
[EventRounds "6"]
[EventCountry "CAN"]

1. d4 c5 2. d5 f5 3. Nf3 Nf6 4. c4 g6 5. Nc3 Bg7 6. Qc2 O-O 7. Bf4 d6 8. e3
Nbd7 9. Be2 a6 10. a4 b6 11. O-O Ra7 12. Ng5 Ne5 13. Nf3 Nfg4 14. Bg3 Nxf3+ 15.
Bxf3 Ne5 16. Be2 Bh6 17. Qd2 Rd7 18. h3 Bb7 19. f4 Nf7 20. e4 fxe4 21. Nxe4 Bg7
22. Bg4 Rc7 23. Be6 Bd4+ 24. Kh2 Kh8 25. Bxf7 Rxf7 26. Ng5 Rf6 27. Ne6 Rxe6 28.
dxe6 d5 29. f5 dxc4 30. Qe2 Rc8 31. Be5+ Kg8 32. fxg6 hxg6 33. Rf7 Bxe5+ 34.
Qxe5 Qc7 35. Rg7+ Kh8 36. Qxc7 Rxc7 37. Rxg6 Kh7 38. Rg5 Kh6 39. h4 Rc6 40. Re1
b5 41. axb5 axb5 42. Rge5 b4 43. g4 b3 44. R1e3 Rd6 45. Rxc5 Rd2+ 46. Kg3 Rxb2
47. Rc7 Rg2+ 48. Kh3 Bd5 1/2-1/2

[Event "British Columbia-ch U20"]
[Site "Richmond CAN"]
[Date "2019.11.09"]
[Round "1.1"]
[White "Zhang, Andy"]
[Black "Doknjas, Neil"]
[Result "0-1"]
[WhiteElo "1755"]
[BlackElo "2219"]
[PlyCount "52"]
[EventDate "2019.11.09"]
[EventType "swiss"]
[EventRounds "5"]
[EventCountry "CAN"]

1. d4 d5 2. Nf3 Nf6 3. g3 e6 4. Bg2 Be7 5. c4 O-O 6. O-O dxc4 7. Qc2 a6 8. Qxc4
b5 9. Qc2 Bb7 10. Bd2 Nc6 11. Rd1 Nb4 12. Qc1 Rc8 13. a3 Nbd5 14. Ba5 Qd6 15.
Nbd2 Nb6 16. Bb4 Qd8 17. Bxe7 Qxe7 18. Nb3 Nfd7 19. Na5 Bd5 20. Nc6 Qd6 21.
Nfe5 Nxe5 22. dxe5 Qxc6 23. Qxc6 Bxc6 24. Bxc6 Nc4 25. Bb7 Rb8 26. Bxa6 Rb6 0-1

[Event "British Columbia-ch U20"]
[Site "Richmond CAN"]
[Date "2019.11.09"]
[Round "1.2"]
[White "Shinn, Jungmin"]
[Black "Wang, Jerry"]
[Result "0-1"]
[WhiteElo "1978"]
[BlackElo "1693"]
[PlyCount "70"]
[EventDate "2019.11.09"]
[EventType "swiss"]
[EventRounds "5"]
[EventCountry "CAN"]

1. d4 Nf6 2. c4 d5 3. cxd5 Nxd5 4. Nf3 Bf5 5. Nh4 Bg6 6. Nxg6 hxg6 7. e4 Nf6 8.
Nc3 e6 9. a3 c5 10. Bb5+ Nbd7 11. e5 Nd5 12. Nxd5 exd5 13. Qe2 c4 14. Bd2 a6
15. Ba4 b5 16. Bc2 Qb6 17. Bc3 Be7 18. O-O Nf8 19. f4 Ne6 20. Qf2 O-O-O 21. g3
Kb7 22. b4 f5 23. a4 Rh6 24. Rfd1 Rdh8 25. Rd2 Rxh2 26. Qxh2 Rxh2 27. Kxh2 g5
28. a5 Qc6 29. Bxf5 gxf4 30. Bxe6 fxg3+ 31. Kxg3 Qxe6 32. Rh1 Qg6+ 33. Kf2 Bg5
34. Re2 Qf5+ 35. Kg1 Qf3 0-1

[Event "British Columbia-ch U20"]
[Site "Richmond CAN"]
[Date "2019.11.09"]
[Round "1.3"]
[White "Qiu, Andrew Yu"]
[Black "Yang, Brian"]
[Result "1/2-1/2"]
[WhiteElo "1681"]
[BlackElo "1953"]
[PlyCount "74"]
[EventDate "2019.11.09"]
[EventType "swiss"]
[EventRounds "5"]
[EventCountry "CAN"]

1. e4 c5 2. Nf3 e6 3. d4 cxd4 4. Nxd4 Nc6 5. Nc3 Qc7 6. Be3 a6 7. f3 Nf6 8. Qd2
Ne5 9. O-O-O Bb4 10. Be2 d5 11. Bf4 b5 12. Rhe1 O-O 13. exd5 Nxd5 14. Bxe5 Qxe5
15. Bd3 Qc7 16. Nde2 Bb7 17. a3 Bxc3 18. Nxc3 Nxc3 19. bxc3 Rfc8 20. Re3 Bd5
21. Rde1 Qc5 22. Kb2 a5 23. Be4 Rd8 24. Rd3 Rab8 25. Rd4 f6 26. Qe3 b4 27.
Bxh7+ Kh8 28. cxb4 axb4 29. Bd3 bxa3+ 30. Kc1 Rdc8 31. Rh4+ Kg8 32. Qxc5 Rxc5
33. Ra4 a2 34. Kd2 Rb1 35. c4 Rxe1 36. Kxe1 Bxc4 37. Bxc4 Rxc4 1/2-1/2